|
|
|
|
| LEADER |
01168nam a22003251a 4500 |
| 001 |
000036205 |
| 003 |
12499 |
| 005 |
20160328000000.0 |
| 008 |
160328s2005 000 chi |
| 041 |
|
|
|a chi
|
| 082 |
|
|
|a 658.4
|b ĐI-K
|
| 100 |
|
|
|a Đinh Trung Kiên
|
| 245 |
|
|
|a Nghiệp vụ hướng dẫn du lịch/导游实务与技巧
|c Đinh Trung Kiên
|
| 260 |
|
|
|a NXB ĐH Quốc Gia Hà Nội
|c 2005
|
| 300 |
|
|
|a 78tr . : mh ; 30cm
|
| 650 |
|
|
|a Nghiệp vụ hướng dẫn du lịch, 导游实务与技巧, hướng dẫn du lịch, 4152053
|
| 852 |
|
|
|b Chuyên đề
|c Giáo trình
|
| OWN |
|
|
|a LNN
|
| AVA |
|
|
|a UDN50
|b LNN
|d 658.4 ĐI-K
|e available
|t Error 5001 Not defined in file expand_doc_bib_avail.
|f 1
|g 0
|h N
|i 0
|k 1
|
| 999 |
|
|
|a From the UDN01
|
| AVA |
|
|
|a UDN50
|b LNN
|d 658.4 ĐI-K
|e available
|t Error 5001 Not defined in file expand_doc_bib_avail.
|f 1
|g 0
|h N
|i 0
|k 1
|
| TYP |
|
|
|a Monograph
|
| TYP |
|
|
|a Printed language
|
| 980 |
|
|
|a Mạng thư viện Đại học Đà Nẵng
|